Music Quiz

Random Music or Artist Quiz

Rappers Rainbow Quiz Stats

 Plays Quiz Updated May 18, 2019

Score 0/24 Timer 05:00
30 Plays Today
Hint Answer % Correct
Drake
94%
Eminem
92.5%
Snoop Dogg
91%
Tupac Shakur
90.2%
Kanye West
86.5%
Cardi B
85.3%
The Notorious B.I.G.
83.6%
Nicki Minaj
83.5%
Ice Cube
80.9%
Jay-Z
77.7%
50 Cent
77.7%
Dr. Dre
71.1%
Hint Answer % Correct
Macklemore
70.8%
Sean Combs
65.1%
Iggy Azalea
62%
Ludacris
59.2%
Kendrick Lamar
58.2%
Wiz Khalifa
55%
Queen Latifah
49.9%
Nas
49.3%
Missy Elliott
42.6%
Lil' Kim
42.3%
Lil Jon
39.5%
Lauryn Hill
27.4%

You're not logged in!

Compare scores with friends on all Sporcle quizzes.
OR
Log In

Show Comments

Extras

Top Quizzes Today


Score Distribution

Your Account Isn't Verified!

In order to create a playlist on Sporcle, you need to verify the email address you used during registration. Go to your Sporcle Settings to finish the process.

Report this User

Report this user for behavior that violates our Community Guidelines.

Details: